Language Quiz

Random Language or Letter Quiz
Score 0/10 Timer 02:00
7 Plays Today
Clue S-Word % Correct
SulfurS
100%
Be quiet!sh
98.8%
;semicolon
90%
A reuben or croque madame, e.g.sandwich
69.6%
A fruit-flavored ice often used between coursessorbet
67.4%
Pulverized tobacco for nasal inhalationsnuff
66.7%
A calcium carbonate deposit hanging from the roof of a cave like an iciclestalactite
59.1%
A Jamaican style of music that mixes jazz with Caribbean rhythmsska
58.9%
The point where a neuron impulse passes to anothersynapse
54.7%
Worthless remnants from metal smeltingslag
39.8%
Remove Ads.
Support Sporcle.
Get the best of Sporcle when you Go Orange. This ad-free experience offers more features, more stats, and more fun while also helping to support Sporcle. Thank you for becoming a member.

You're not logged in!

Compare scores with friends on all Sporcle quizzes.
OR
Log In

Show Comments

Extras

Top Quizzes Today


Score Distribution

Your Account Isn't Verified!

In order to create a playlist on Sporcle, you need to verify the email address you used during registration. Go to your Sporcle Settings to finish the process.

Report this User

Report this user for behavior that violates our Community Guidelines.

Details: